Actuación del profesional frente a la ley penal tributaria y previsional. parte III /

Guardado en:
Autor Principal: Gómez, Teresa.
Formato: Libro
Idioma:Spanish
Publicado: Ciudad Autónoma de Buenos Aires : Edicon, 2013.
Edición:1a. ed.
Materias:
Etiquetas: Agregar Etiqueta
Sin Etiquetas, Sea el primero en etiquetar este registro!
LEADER 00536nam a22001575a 4500
001 DER.der014461
008 191115s2013####ag############000#0#spa#d
005 20241113095917.0
245 1 0 |a Actuación del profesional frente a la ley penal tributaria y previsional.  |p parte III /  |c dirigido por Teresa Gómez. 
250 |a 1a. ed. 
260 |a Ciudad Autónoma de Buenos Aires :  |b Edicon,  |c 2013. 
300 |a 510 p. 
020 |a 9789876601917 
100 1 |a Gómez, Teresa. 
650 7 |a DERECHO TRIBUTARIO 
859 |a DERECHO  |b BIB. DERECHO  |h 336.2  |i GOM  |p 009739